000 00291 a2200133 4500
000 nam a22 7a 4500
100 _aPokines
110 _aPokines
245 _aMannual Of Forensic Taphonomy
250 _alatest edition
260 _bCRC
_c2024
264 _bCRC
_c2024
942 _cBK
999 _c359471
_d359471